000 00466nam a2200181Ia 4500
001 13596
003 IN-NITTTR
005 20251114233127.0
008 251113s9999||||xx |||||||||||||| ||eng||
040 _beng
040 _cIN-NITTTR
041 _aeng
082 _a954.552 N231T
100 _aNayar, Kuldip
245 0 _aTragedy of Punjab :
_b operation bluestar and after. /
_cNayar, Kuldip, Khushwant Singh
700 _a Khushwant Singh,
942 _2ddc
_cBK
999 _c16232
_d16232